00661nam a22002057a 450000500170000001000220001702000260003903500170006503500140008203500130009603700190010903700130012808200100014124500600015126000440021127001010025530000200035650000510037670000280042720170512115757.0 a1617EN ENG-118029 a9789384866259c750.00 aB-647545-533 aEN-101561 aB-666089 adpl bVariety  bDBAD/PUB a304.6 aPopulation geography /cedited by Akhilesh Kumar Pandey aDelhi bAncient Publishing House c2015 aV-75, Street No.15-A, Vijay Park, Near C-11, Shiv Sadhana Mandir, Yamuna Vihar bDelhi e110053 a290p.c23cm(Hb) aIncludes bibliographical references and index  aPandey, Akhilesh Kumar